Guía del redactor publicitario: método para el análisis y la creación

Spremljeno u:
Bibliografski detalji
Glavni autor: Cerezo Arriaza, Manuel (Autor)
Format: Knjiga
Jezik:španjolski
Izdano: Barcelona Octaedro 1994
Izdanje:3a. ed
Serija:Cuadernos Octaedro. Serie Lengua y Comunicación
Teme:
Oznake: Dodaj oznaku
Bez oznaka, Budi prvi tko označuje ovaj zapis!

MARC

LEADER 00000nam a2200000 a 4500
001 UCU4878
003 CL-VaPUC
008 960531e19940000SP |||||||||||||||||spa|d
082 0 4 |a 070.592  |b CER  |2 21 
100 0 |a Cerezo Arriaza, Manuel  |e author  |9 362591 
245 1 0 |a Guía del redactor publicitario: método para el análisis y la creación 
250 |a 3a. ed 
300 |a 96 p 
942 |c BK 
945 |d 19960531 00:00:00  |a rbrito 
260 |a Barcelona  |b Octaedro  |c 1994 
650 0 |a Publicidad  |9 314572 
650 0 |a Periodismo   |9 310113 
650 0 |a Opinión pública  |9 255512 
650 7 |a COMUNICACION DE MASAS  |2 CL-VaPUC  |9 334823 
650 7 |a SONDEOS DE OPINION PUBLICA  |2 CL-VaPUC  |9 362592 
650 7 |a IMPACTO DE LA COMUNICACION  |2 CL-VaPUC  |9 334456 
650 7 |a PUBLICIDAD PERIODISTICA  |2 CL-VaPUC  |9 355746 
650 0 |a Agencias de publicidad   |9 362593 
650 0 |a Arte comercial   |9 345354 
650 7 |a PSICOLOGIA DE LA COMUNICACION  |2 CL-VaPUC  |9 332059 
583 |a last modification  |c 19960531 00:00:00  |k Rodrigo Vera 
490 0 |a Cuadernos Octaedro. Serie Lengua y Comunicación 
999 |c 248406  |d 248404 
952 |0 0  |1 0  |4 0  |6 070_592000000000000_CER_1994  |7 0  |8 A  |9 265016  |a BIBCUR  |b BIBCUR  |d 2019-11-19  |i 3206319  |o 070.592 CER 1994  |p 3206319  |r 2025-04-22  |w 2019-11-19  |y BK  |k PER